000 00633nam a22002057a 4500
005 20180907160940.0
010 _aB-079252
020 _a8170003172
_c595.00
035 _aB-079252
037 _bDPL
082 _a000
100 _aLal,C
245 _aUGC(Net)Examination Guide Paper-1:
_bObjective Questions (General A Wareness And Reasoning)/
_c by C.Lal
260 _aNew Delhi
_bEss Ess Publications
_c2002
270 _a4837/24,Ansari Road, Darya Ganj,
_bDelhi
_e110002
300 _a477p.
_c20 cm (Hp)
600 _dK.Kumar
942 _2ddc
_cEN
_e2002
_h000
_mLAL
999 _c157084
_d157084